000 00419nam a22001337a 4500
005 20140106121012.0
008 140106b xxu||||| |||| 00| 0 eng d
050 _aDT963.82
_bK39D4
100 _aDebroev, Steven
_96513
245 _aKaunda
_bgrondlegger van een christelijk humanisme in Zambia
_cDebroev, Steven
260 _aKasterlee
_bUitgeverij de vroente
_c1975
300 _a260p.;
_c22cm.
942 _2lcc
_cMONOGRAPH
999 _c119508
_d119508